000 01287nam a2200301 a 4500
001 ebr10718849
003 CaPaEBR
006 m o u
007 cr cn|||||||||
008 150303s2013 caua s 001 0 eng d
020 _z9781118485880
020 _z9781118654415
040 _aCaPaEBR
_cCaPaEBR
035 _a(OCoLC)837924664
050 1 4 _aHF5718.22
_b.M326 2013eb
082 0 4 _a658.4/51
_223
245 0 0 _aMaster presenter
_h[electronic resource] :
_blessons from the world's top experts on becoming a more influential speaker /
_cDavid Zielinski, editor.
260 _aSan Francisco, Calif. :
_bWiley,
_cc2013.
300 _a1 online resource (xvi, 286 p.) :
_bill. (some col.), graphs.
500 _aIncludes index.
533 _aElectronic reproduction.
_bPalo Alto, Calif. :
_cebrary,
_d2015.
_nAvailable via World Wide Web.
_nAccess may be limited to ebrary affiliated libraries.
588 _aDescription based on online resource; title from title page (ebrary, viewed June 17, 2013).
650 0 _aBusiness presentations.
655 7 _aElectronic books.
_2local
700 1 _aZielinski, David.
710 2 _aebrary, Inc.
856 4 0 _uhttp://site.ebrary.com/lib/rucke/Doc?id=10718849
_zAn electronic book accessible through the World Wide Web; click to view
999 _c41408
_d41408